000 00443nam a2200181 a 4500
001 1758452259744
003 ACL
005 20250921163104.0
008 250921s2009##################000#0#eng##
020 _a9781440500053
082 0 4 _a795
_bHAG
100 1 _aHagen, Tom,
_eauthor.
245 1 0 _a101 Ways to Win Blackjack :
260 _bAdams Media,
_c2009.
650 0 _aGames & Activities.
942 _cENGLISH
040 _aACL
_beng
_cACL
999 _c588595
_d588595